|
|
|
|
| LEADER |
01437nam a2200265 4500 |
| 001 |
45179 |
| 003 |
BD-DhAAL |
| 005 |
20260112172238.0 |
| 008 |
260112b2023 th a|||| |||| 00| 0 eng d |
| 040 |
|
|
|a BD-DhAAL
|c BD-DhAAL
|
| 082 |
|
|
|a 364.163
|2 23
|
| 245 |
|
|
|a Trapped in deceit :
|b responding to the trafficking in persons fuelling the expansion of Southeast Asia’s online scam centers /
|
| 260 |
|
|
|a Thailand :
|b Regional Support Office,
|c 2023.
|
| 300 |
|
|
|a 23 pages :
|b illustrations ;
|c 30 cm
|
| 541 |
|
|
|a Donated by K. Shamsuddin Mahmood (Professor and Dean School of Law) BRAC University
|e 45179
|
| 650 |
|
|
|a Internet fraud
|z Southeast Asia.
|9 60167
|
| 650 |
|
|
|a Online identity theft
|z Southeast Asia.
|9 60168
|
| 650 |
|
|
|a Fraud.
|9 58837
|
| 650 |
|
|
|a Human trafficking.
|
| 655 |
|
|
|a Crime narratives
|9 60169
|
| 710 |
|
|
|a Regional Support Office
|9 60170
|
| 856 |
|
|
|z Full text available on Policy Brief
|u https://s3.ap-southeast-2.amazonaws.com/assets.baliprocess.net/app/uploads/2023/04/07111922/TiPScams-Policy-Brief_RSO.pdf
|
| 942 |
|
|
|2 ddc
|c BK
|
| 999 |
|
|
|c 47707
|d 47707
|
| 952 |
|
|
|0 0
|1 0
|2 ddc
|4 0
|6 364_163000000000000_TRA
|7 0
|8 RPT
|9 78669
|a BRACUL
|b BRACUL
|c REF
|d 2026-01-12
|e Donated by K. Shamsuddin Mahmood (Professor and Dean School of Law) BRAC University
|l 0
|o 364.163 TRA
|p 3010045179
|r 2026-01-12
|t 1
|w 2026-01-12
|y BK
|x Donated copy received from K. Shamsuddin Mahmood (Professor and Dean School of Law) BRAC University on 8 December 2025
|